| 000 | 00000nas 2200000za 4500 |
| 001 | 9.507469 |
| 003 | CaOODSP |
| 005 | 20230207092007 |
| 007 | cr ||||||||||| |
| 008 | 150406d20002004oncqr p o||||f| |0eng|d |
| 040 | |aCaOODSP|beng |
| 043 | |an-cn--- |
| 086 | 1 |aT51-19E-PDF |
| 245 | 00|aAviation safety maintainer |h[electronic resource]. |
| 260 | |a[Ottawa] : |bTransport Canada |
| 310 | |aQuarterly |
| 362 | 1 |aBegan with 2000?; ceased with issue 4 (2004). |
| 580 | |aAbsorbed by Aviation safety letter. |
| 710 | 1 |aCanada. |bTransport Canada. |
| 775 | 08|tSécurité aérienne mainteneur |w(CaOODSP)9.503861 |
| 785 | 00|tAviation safety letter |w(CaOODSP)9.504982 |